|
|
|
|
| LEADER |
01220nem a2200337 a 4500 |
| 001 |
000673860 |
| 003 |
CZ BrMZK |
| 005 |
20071009103347.0 |
| 007 |
a c |
| 008 |
030616s2003 xr XX 0 cze d |
| 015 |
|
|
|a cnb001252860
|
| 020 |
|
|
|a 80-86457-20-6
|
| 034 |
1 |
|
|a a
|b 12000
|
| 040 |
|
|
|a BOA001
|b cze
|
| 043 |
|
|
|a e-xr---
|b e-xr-kr
|2 czenas
|
| 072 |
|
7 |
|a 913(4)
|x Geografie Evropy, reálie, cestování
|2 Konspekt
|9 7
|
| 080 |
|
|
|a 913(437.313)
|2 MRF
|
| 080 |
|
|
|a 912.43:911.375
|2 MRF
|
| 080 |
|
|
|a (084.3)
|2 MRF
|
| 245 |
0 |
0 |
|a Špindlerův Mlýn
|h [kartografický dokument] :
|b [plán města & průvodce]
|
| 255 |
|
|
|a 1:12 000
|
| 260 |
|
|
|a Karlovy Vary :
|b Paret 2,
|c c2003
|
| 300 |
|
|
|a 1 l. ;
|c 46 x 64 cm složený na 23 x 11 cm
|
| 500 |
|
|
|a Stručný vlastivědný text na rubu též německy a anglicky
|
| 504 |
|
|
|a Obsahuje doplňkovou mapu (1:6 000) a kreslené panoramatické mapy
|
| 655 |
|
7 |
|a plány měst
|7 fd133027
|2 czenas
|
| 651 |
|
7 |
|a Špindlerův Mlýn (Česko)
|7 ge131545
|2 czenas
|
| 710 |
2 |
|
|a Paret 2 (vydavatelství)
|7 mzk2003190962
|
| 910 |
|
|
|a BOA001
|b Mp2-1120.259
|
| 990 |
|
|
|a MP
|
| 996 |
6 |
|
|b 2610194769
|c Mp2-1120.259
|l MZK
|r Sklad / do 1 hodiny
|n 0
|p p.v.
|w 000673860
|u 000010
|a 1
|e BOA001
|j MZK50
|s P
|